Guatemala: contrainsurgencia, gobierno civil y estrategia revolucionaria
Zapisane w:
| Format: | Texto |
|---|---|
| Wydane: |
Tegucigalpa:
Universidad Nacional Autónoma de Honduras
|
| Etykiety: |
Dodaj etykietę
Nie ma etykietki, Dołącz pierwszą etykiete!
|
MARC
| LEADER | 00000 a a2200000 04500 | ||
|---|---|---|---|
| 001 | 21245 | ||
| 003 | |||
| 040 | |||
| 090 | |a 092800 | ||
| 245 | |a Guatemala: contrainsurgencia, gobierno civil y estrategia revolucionaria | ||
| 260 | |a Tegucigalpa: |b Universidad Nacional Autónoma de Honduras | ||
| 300 | |a 8 p. | ||
| 999 | |c 363 |d 363 | ||
